|
|
|
|
| LEADER |
00915nam a2200217 a 4500 |
| 001 |
00025943 |
| 008 |
120910s2012 nyu b 001 0 eng d |
| 020 |
|
|
|a 9780194371391
|
| 040 |
|
|
|a BD-DhAAL
|c BD-DhAAL
|
| 082 |
0 |
4 |
|a 428/.007/1
|2 21
|
| 100 |
1 |
|
|a Nunan, David.
|
| 245 |
1 |
0 |
|a Syllabus design /
|c David Nunan
|
| 260 |
|
|
|a Oxford :
|b Oxford University Press,
|c 2012
|
| 300 |
|
|
|a x,169 p. :
|b ill. ;
|c 25 cm.
|
| 490 |
1 |
|
|a Language teaching, a scheme for teacher education /Editors, C. N. Candlin & H. G. Widdowson.
|
| 504 |
|
|
|a Includes bibliographical references (p.[160]-165) and index.
|
| 541 |
|
|
|a 00025946
|
| 650 |
|
0 |
|a English language
|x Study and teaching
|
| 852 |
1 |
|
|a Ayesha Abed Library
|j General shelf
|
| 999 |
|
|
|c 12822
|d 12822
|
| 952 |
|
|
|0 0
|1 0
|4 0
|6 428_007100000000000_NUN
|7 0
|9 21098
|a BRACUL
|b BRACUL
|c GEN
|d 2012-09-11
|e Karim International
|g 799.00
|l 14
|m 68
|o 428.0071 NUN
|p 3010025946
|r 2024-11-11
|s 2024-11-05
|t 1
|w 2012-09-11
|y BK
|